Paroles Damso - Macarena - Statistiques

Statistiques générales
  • Ce quiz a été pris 13 121 fois
    4 052 depuis la dernière actualisation
  • Le résultat moyen est 382 sur 489
Statistiques - réponses
Réponse % Correct
à
100%
a
100%
m'
100%
l'
99%
d'
98%
ma
98%
s'
98%
T'
98%
t'
98%
n'
97%
es
96%
mon
96%
c'
95%
C'
95%
Le
95%
le
95%
est
94%
et
94%
Et
94%
la
94%
94%
qu'
94%
Qu'
94%
macarena
93%
moi
93%
que
93%
toi
93%
dans
92%
de
91%
De
91%
monde
91%
ai
90%
danse
90%
j'
90%
J'
90%
Mais
90%
mais
90%
nous
90%
on
90%
On
90%
Me
89%
me
89%
être
88%
peut
88%
Peut
88%
lui
87%
coeur
86%
sans
86%
sera
86%
mieux
84%
te
84%
en
83%
avec
82%
Je
82%
je
82%
ainsi
81%
ça
81%
ca
81%
tu
81%
Tu
81%
ce
80%
Mes
79%
mes
79%
pas
79%
oh
78%
Oh
78%
sentiments
77%
si
77%
plus
75%
quand
75%
Quand
75%
sens
74%
vous
74%
dansent
73%
rien
73%
ta
73%
au
72%
déjà
72%
air
71%
faire
71%
fait
71%
avais
70%
envoie
70%
parle
70%
tes
70%
trentenaire
70%
bien
69%
fais
69%
mariage
69%
vingtaine
69%
comme
68%
donc
68%
Donc
68%
souviendras
68%
as
67%
il
67%
Il
67%
pour
67%
bon
66%
Sabrina
66%
les
65%
un
64%
va
64%
dis
63%
implants
63%
niqué
63%
race
63%
cas
62%
des
62%
mature
62%
mec
62%
Rappelle
62%
avenir
61%
battre
61%
assure
60%
lit
60%
préservatif
60%
sais
60%
courbatures
59%
devenir
59%
taf
59%
télé
59%
ton
59%
avant
58%
relation
58%
suite
58%
temps
58%
dire
57%
notre
57%
perdre
57%
hôtels
56%
manière
56%
mis
56%
sur
56%
sentiras
55%
romantique
54%
autotune
53%
fous
53%
foutre
52%
suites
52%
clips
51%
non
51%
allé
50%
dit
50%
Bah
49%
Même
49%
même
49%
regardais
49%
suis
49%
VIP
48%
chez
47%
jeune
46%
life
46%
une
46%
baises
45%
tout
45%
autres
44%
aux
44%
chose
44%
étais
44%
évader
44%
libido
44%
invitais
43%
pareil
43%
pleurer
43%
récupéré
43%
savais
43%
semblant
43%
puis
42%
soirées
42%
baisais
41%
démarré
41%
oui
41%
aller
40%
besoin
40%
dose
40%
croyais
39%
dépanner
39%
Parce
39%
téléphoné
39%
pourtant
38%
trop
37%
Après
36%
casse
35%
délaissé
35%
blessé
34%
salaud
34%
qui
32%
remplacé
31%
veux
31%
explique
30%
façon
30%
vais
30%
étaler
29%
pelote
29%
saigner
28%
celle
27%
prod
27%
remballé
27%
réplique
26%
fallait
25%
Twinsmatic
16%
yeuks
11%
Aucun quiz correspondant
Distribution des résultats
% des personnes avec chaque résultat
Percentile par nombre de réponses
Votre historique - résultats
Vous n’avez pas pris ce quiz depuis la dernière actualisation